000 01244cam a22001934a 4500
005 20250605164217.0
008 250528s ||||||||||||||||||||||||d
035 _a20494
020 _a673388689
040 _aGR-AtMCL
_bgre
_dGR-AtMCL
_eAACR2
245 1 _aCivilization / Past & Present; Seventh Edition
260 _bHarper Collins Publishers,
_c1992
300 _a560
520 _aThe first American college textbook to chronicle the evolution of humanity from earliest times to the present. Golden Anniversary Edition. Maps, Foreword, Preface, Prologue, Along the Banks of Rivers, The Glory That Was Greece, The Grandeur That was Rome, The Asian Way of Life, The City of God, Islam from the Beginning to 1300, The Byzantine Empire and Eastern Europe and Russia to 1600, The Rising Flood of Asian Culture, Europe's Search for Stability, The High Middle Ages, Europe in Transition, ''Man is the Measure'', ''Here I Take My Stand'', The Transition to Modern Times in Asia, Emerging Civilizations in Sub-Sahara Africa and the New World, European Expansion: Exploration and Colonization, Toward the Twenty-First Century, Reference Maps, Index.
700 1 _aWallbank Walter
_96477
942 _cBK
999 _c5596
_d5596